U.S. States But I Drew Them In MS Paint - Statistics

General Stats
  • This quiz has been taken 25 times
  • The average score is 9 of 12
Answer Stats
Picture Answer % Correct
Texas
100%
Nevada
95%
Colorado
86%
Idaho
81%
West Virginia
81%
Wisconsin
81%
Vermont
76%
Washington
76%
Iowa
71%
Rhode Island
62%
Alabama
57%
Kentucky
52%
No matching quizzes found
Score Distribution
Percent of People with Each Score
Percentile by Number Answered
Your Score History
You have not taken this quiz